| 000 | 00884cam a2200229 4500 | ||
|---|---|---|---|
| 001 | WB3812-12 | ||
| 008 | 020326n2002 000 0 eng u | ||
| 035 | _a(Sirsi) u117242 | ||
| 245 | _aDispute over EU income claims | ||
| 260 | _c2002 | ||
| 490 |
_aFarmers' Weekly _v22 March 2002, 29(1) |
||
| 520 | _aReport from EU commission disputes the claim that farm incomes will improve significantly in central and eastern Europe following accession to the EU. Incomes would increase by 30% by 2007 due to intervention support and export subsidies. For Europe report: http://europa.eu.int/comm/agriculture/publi/reports/ceecimpact/index_en.htm | ||
| 590 | _aWB | ||
| 650 | _aEUROPEAN UNION | ||
| 650 | _aEU ENLARGEMENT | ||
| 650 | _aEU INCOME | ||
| 650 | _aAGRICULTURAL MARKETS | ||
| 650 | _aAGRICULTURAL INCOMES | ||
| 650 | _aFARM INCOMES | ||
| 690 | _aEUROPE | ||
| 942 | _n0 | ||
| 999 |
_c69841 _d69841 |
||